| 000 | 00738nam a2200217Ia 4500 | ||
|---|---|---|---|
| 008 | 240729s9999 xx 000 0 und d | ||
| 022 | _a2156-9703 | ||
| 245 | 0 | _aInternational Journal of Integrative Psychotherapy | |
| 260 | _aUnited States | ||
| 260 | _bInternational Integrative Psychotherapy Association | ||
| 650 | _a Internal medicine | ||
| 650 | _a Neurology. Diseases of the nervous system | ||
| 650 | _a Neurosciences. Biological psychiatry. Neuropsychiatry | ||
| 650 | _a Psychiatry | ||
| 650 | _a Psychology | ||
| 650 | _a Therapeutics. Psychotherapy | Philosophy. Psychology. Religion | ||
| 650 | _aMedicine | ||
| 856 | _uhttps://doaj.org/toc/01599b1b9a0541b5a62614322c71d51a | ||
| 942 | _2ddc | ||
| 942 | _cDOAJEJ | ||
| 999 |
_c69649 _d69649 |
||
| 945 |
_a1 _bMadushi Gamage _c1 _dMadushi Gamage |
||